00737nam a2200217Ii 45000010005000000030009000050080041000140400033000550410008000880820016000961000028001122450016001402640061001563000012002173360026002293370028002553380027002839400050003109990017003609520142003774969CO-ViMGA241108s9999||||xx |||||||||||||| ||und|| aCO-ViMGAbspaerdacCO-ViMGA0 aunk04a833.91-P54s1 aTheodor Plievier95712410aStalingrado 1a[Lugar de publicación no identificado] : Destino, 1952 avolumen atextbtxt2rdacontent aunmediatedbn2rdamedia avolumebnc2rdacarrier aidficha_siabuc: 4841. -- ficha_no_siabuc:4969 c55371d55371 001040708001aMEVIGERRbMEVIGERRcGENd2006-11-27hVol.1o833.91-P54spECA3975r2024-11-26 10:42:13tEj.1w2024-11-26yBKz4841 | 6948